|
|
|
|
| LEADER |
00909nam a2200301 4500 |
| 001 |
DLU090092989 |
| 005 |
##20091201 |
| 040 |
# |
# |
|a DLU
|b eng
|
| 041 |
# |
# |
|a eng
|
| 044 |
# |
# |
|a us
|
| 100 |
# |
# |
|a Campbell, Mark S.
|
| 245 |
# |
# |
|a Real-time PCR analysis of vibrio vulnificus from oysters /
|c Mark S. Campbell, Anita C. Wright.
|
| 653 |
# |
# |
|a Biological contamination
|
| 653 |
# |
# |
|a Invertebrata
|
| 653 |
# |
# |
|a Polymerase chain reaction
|
| 653 |
# |
# |
|a Seafood
|
| 653 |
# |
# |
|a Vibrio vulnificus
|
| 700 |
# |
# |
|a Wright, Anita C.
|
| 773 |
# |
# |
|t Applied and Environmental Microbiology
|g Vol. 69, no. 12 (December 2003), p. 7137-7144
|
| 920 |
# |
# |
|a Phòng Tạp chí -- Trung tâm Thông tin - Thư viện Trường Đại học Đà Lạt
|
| 994 |
# |
# |
|a DLU
|
| 900 |
# |
# |
|a True
|
| 911 |
# |
# |
|a Trương Bảo Trâm Anh
|
| 925 |
# |
# |
|a G
|
| 926 |
# |
# |
|a A
|
| 927 |
# |
# |
|a BB
|
| 980 |
# |
# |
|a Thư viện Trường Đại học Đà Lạt
|